000 00651nam a2200193Ia 4500
003 GCL
008 140319s9999 xx 000 0 ara d
040 _aGCL /
_cGCL
082 0 4 _a882
_bا م
100 1 _aامين سلامة
245 1 0 _aالموسوعة الكلاسكية للمسرح اليونانى والرومانى(مسرحيات يوريبيديس) /
_cامين سلامة
260 _a[S.N] :
_bمكتبة مدبولى ،
_c1988
490 _a
650 0 4 _aالادب اليونانى
650 0 4 _aالادب الرومانى
650 0 4 _aالمسرحيات اليونانية
650 0 4 _aيوريبيدس
942 _2ddc
_cBK
999 _c29717
_d29717